000 00248nam a22001217a 4500
008 181008b xxu||||| |||| 00| 0 eng d
041 _aeng
080 _a910
100 _a42
101 _aGJEO
245 _aGeologia
_cWarren, E
942 _2udc
_cBK
999 _c49061
_d49061